[Event "Open Est 2015-2016"]
[Site "Aubagne"]
[Date "2016.03.05"]
[Round "7.7"]
[White "Reynaud, Jacques"]
[Black "Cotton, Paul"]
[Result "0-1"]
[WhiteElo "1381"]
[BlackElo "1484"]
[PlyCount "65"]
[EventDate "2015.10.10"]
[WhiteTeam "Cercle d'Echecs Aubagnais"]
[BlackTeam "Cercle d'Echecs Aubagnais"]

1. Nf3 Nf6 2. d4 g6 3. Bf4 Bg7 4. e3 O-O 5. Bd3 d6 6. e4 c5 7. c3 Qb6 8. Qc2
Bg4 9. Nbd2 Nc6 10. d5 Na5 11. O-O Rac8 12. e5 Nxd5 13. Bg3 Qc7 14. Rfe1 Rfe8
15. Be4 Nb6 16. e6 fxe6 17. Bxg6 hxg6 18. Rxe6 Bxe6 19. Qxg6 Rf8 20. Qxe6+ Rf7
21. Ng5 Rcf8 22. Qh3 Bf6 23. Nxf7 Rxf7 24. Ne4 Bg7 25. Ng5 Rf6 26. Qh7+ Kf8 27.
Re1 Qd7 28. Qe4 Kg8 29. Bh4 Nbc4 30. Qh7+ Kf8 31. Ne6+ Rxe6 32. Qf5+ Rf6 33.
Qxd7 0-1

[Event "Open Est 2015-2016"]
[Site "Aubagne"]
[Date "2016.03.05"]
[Round "7.9"]
[White "Gamblin, Vincent"]
[Black "Benezra, Silke"]
[Result "1-0"]
[WhiteElo "1436"]
[BlackElo "1364"]
[PlyCount "109"]
[EventDate "2015.10.10"]
[WhiteTeam "Marseille Echecs"]
[BlackTeam "L'Echiquier du Roy René"]

1. e4 e5 2. d4 exd4 3. c3 d6 4. Bc4 Be6 5. Bxe6 fxe6 6. Qh5+ g6 7. Qb5+ Nd7 8.
cxd4 Bg7 9. Nf3 Ngf6 10. e5 Nd5 11. Ng5 Qe7 12. Qxb7 O-O 13. Nc3 N7b6 14. exd6
Qxd6 15. Nge4 Qd7 16. Be3 a6 17. Nc5 Qd6 18. N3e4 Qe7 19. Qc6 Nc4 20. Bg5 Qf7
21. Nxe6 Rfe8 22. Qxd5 Qxe6 23. Qxe6+ Rxe6 24. f3 Bxd4 25. Rc1 Nd6 26. Ke2 Nxe4
27. fxe4 c5 28. Kd3 Rb8 29. b3 Rbe8 30. Rhe1 Rf8 31. Be3 Rd8 32. Rc4 Bxe3+ 33.
Kxe3 Rc8 34. Rd1 Re5 35. Kf4 Rce8 36. Rd6 Rh5 37. h3 a5 38. Rc6 Rd8 39. Ke3 Ra8
40. R4xc5 Rxc5 41. Rxc5 a4 42. b4 a3 43. Ra5 Rb8 44. b5 Kf7 45. Kd4 Ke6 46.
Ra6+ Kd7 47. Kc5 Rc8+ 48. Rc6 Re8 49. Kd5 Ra8 50. Ra6 Rb8 51. b6 Kc8 52. Kc6 h5
53. Ra7 g5 54. b7+ Kd8 55. Ra8 1-0

[Event "Open Est 2015-2016"]
[Site "Aubagne"]
[Date "2016.03.05"]
[Round "7.10"]
[White "Roche, Alain"]
[Black "Autouard, Jean-Luc"]
[Result "1-0"]
[WhiteElo "1365"]
[BlackElo "1412"]
[PlyCount "45"]
[EventDate "2015.10.10"]
[WhiteTeam "Echiquier Marseillais 1872"]
[BlackTeam "Cercle d'Echecs Aubagnais"]

1. e4 e5 2. Nf3 Nc6 3. Bc4 Nge7 4. Ng5 d5 5. exd5 Nxd5 6. Nxf7 Kxf7 7. Qf3+ Ke7
8. Bxd5 Qe8 9. O-O Nd4 10. Qd3 Kd8 11. Re1 c6 12. Be4 g6 13. c3 Bc5 14. cxd4
Bxd4 15. Nc3 Qf7 16. Rf1 Rf8 17. Ne2 c5 18. Nxd4 cxd4 19. Qb5 Qc7 20. d3 h6 21.
Bxh6 a6 22. Bg5+ Qe7 23. Bxe7+ 1-0

[Event "Open Est 2015-2016"]
[Site "Aubagne"]
[Date "2016.03.05"]
[Round "7.11"]
[White "Zajaczkowski, Danielle"]
[Black "Strate, Francois"]
[Result "0-1"]
[WhiteElo "1324"]
[BlackElo "1316"]
[PlyCount "130"]
[EventDate "2015.10.10"]
[WhiteTeam "ASPTT Marseille"]
[BlackTeam "Sanary Echecs"]

1. d4 Nf6 2. Nf3 g6 3. Bf4 Bg7 4. e3 d6 5. c3 Bg4 6. Be2 Nbd7 7. O-O O-O 8.
Nbd2 c5 9. h3 Bxf3 10. Bxf3 Rb8 11. Rb1 cxd4 12. exd4 Re8 13. Re1 Qc7 14. a3 e5
15. dxe5 dxe5 16. Bg3 Rbd8 17. Qc2 b6 18. Rbd1 Nc5 19. b4 Nb7 20. c4 Nd7 21.
Qe4 Nd6 22. Qc6 Rc8 23. Qxc7 Rxc7 24. Bd5 Kh8 25. b5 f5 26. Bc6 Re6 27. f3 Nc5
28. Bd5 Re8 29. Kf1 f4 30. Bf2 Nd3 31. Re2 Nxf2 32. Kxf2 Nf5 33. Nb3 Rd8 34.
Rdd2 h5 35. Be6 Nd4 36. Nxd4 exd4 37. Bd5 Kh7 38. Re4 g5 39. Ke2 Rdd7 40. Kd3
Re7 41. Rde2 Rxe4 42. fxe4 Be5 43. a4 h4 44. Ra2 g4 45. hxg4 Kh6 46. Be6 Kg5
47. Bf5 f3 48. gxf3 h3 49. Ra1 Kh4 50. Rh1 Kg3 51. g5 h2 52. Ke2 Kg2 53. Rxh2+
Kxh2 54. Kd3 Kg3 55. Bg4 Rg7 56. Ke2 Rxg5 57. Kd3 Rg7 58. Ke2 Kf4 59. Bf5 Rg2+
60. Kf1 Ra2 61. Bg4 d3 62. Ke1 Ke3 63. Kf1 d2 64. f4 Bxf4 65. Be2 Ra1+ 0-1

[Event "Open Est 2015-2016"]
[Site "Aubagne"]
[Date "2016.03.05"]
[Round "7.12"]
[White "San-Nicolas, Robert"]
[Black "Sage, Jean-Claude"]
[Result "0-1"]
[WhiteElo "1379"]
[BlackElo "1574"]
[PlyCount "108"]
[EventDate "2015.10.10"]
[WhiteTeam "Cercle d'Echecs Aubagnais"]
[BlackTeam "Echiquier Marseillais 1872"]

1. Nf3 Nf6 2. d4 d5 3. c4 c6 4. Nc3 dxc4 5. e4 b5 6. a4 b4 7. e5 Nd5 8. Ne4 Bf5
9. Ng3 Bd7 10. Bxc4 e6 11. Ne4 h6 12. Bd2 a5 13. Rc1 Be7 14. O-O O-O 15. Bb3
Na6 16. Qe2 Qb6 17. Be3 Nxe3 18. Qxe3 Rad8 19. Rc4 Nc7 20. Qc1 Nd5 21. Rd1 Rc8
22. Nc5 Be8 23. Bc2 Bxc5 24. Rxc5 b3 25. Bd3 Bd7 26. Nd2 Qb4 27. Rc4 Qb7 28.
Ne4 Qc7 29. Nd6 Rb8 30. Rc5 Qb6 31. Rc4 Qa7 32. Qd2 Rb6 33. Rdc1 Rfb8 34. Be4
Rb4 35. Bxd5 exd5 36. Rxb4 Rxb4 37. Qf4 Be6 38. Rxc6 Rxd4 39. Qc1 Rxa4 40. h3
Qd4 41. Rc8+ Kh7 42. Rf8 Qd3 43. Nxf7 Bxf7 44. Rxf7 Qc2 45. Rc7 Qxc1+ 46. Rxc1
Rc4 47. Re1 Kg8 48. Re3 a4 49. Kf1 Rc2 50. Rf3 Rxb2 51. e6 Rc2 52. e7 Rc8 53.
Re3 Kf7 54. Re1 b2 0-1

[Event "Open Est 2015-2016"]
[Site "Aubagne"]
[Date "2016.03.05"]
[Round "7.13"]
[White "Moerenhout, Jean Claude"]
[Black "Vicari-Vento, Salvatore"]
[Result "1-0"]
[WhiteElo "1305"]
[BlackElo "1494"]
[PlyCount "171"]
[EventDate "2015.10.10"]
[WhiteTeam "Cercle d'Echecs Aubagnais"]
[BlackTeam "Cercle d'Echecs Aubagnais"]

1. d4 Nf6 2. Nf3 g6 3. e3 Bg7 4. Bd3 d6 5. Nbd2 O-O 6. O-O a5 7. Re1 c6 8. c3
Nbd7 9. e4 e5 10. Bc2 Re8 11. Nc4 Nb6 12. Nxb6 Qxb6 13. Rb1 Qc7 14. Bg5 h6 15.
Bd2 b5 16. Qc1 Kh7 17. a3 g5 18. h3 Be6 19. Qd1 Kh8 20. dxe5 dxe5 21. Re3 Rad8
22. Bb3 Bxb3 23. Qxb3 a4 24. Qc2 Nd7 25. c4 Rb8 26. cxb5 Rxb5 27. Qc4 Nb6 28.
Qc2 Kg8 29. Rc3 Rc8 30. Be3 c5 31. Rc1 Bf8 32. Qd2 c4 33. h4 f6 34. hxg5 fxg5
35. g3 Rd8 36. Qe2 Bc5 37. Bxc5 Rxc5 38. Kg2 Qf7 39. Kh1 Kg7 40. Qe3 Nd7 41.
Rd1 Rcc8 42. Rd5 Re8 43. Qd2 Rc7 44. Nh2 Nf6 45. Rf3 Qe7 46. Ra5 Nxe4 47. Qe3
Nc5 48. Ng4 Rcc8 49. Rf5 Nd3 50. Ra7 Rc7 51. Ra5 Rc5 52. Ra6 Qb7+ 53. Kh2 Qxa6
54. Rf6 Re6 55. Rf5 Qd6 56. Qf3 Qe7 57. Qa8 Nxb2 58. Qe4 Nd3 59. Ne3 Kg8 60.
Nxc4 Rxc4 61. Qxc4 Nc5 62. Rxe5 Qf6 63. Rxc5 Qxf2+ 64. Kh3 Qf7 65. Rc8+ Kg7 66.
Rc7 Re7 67. Qd4+ Kg6 68. Qd3+ Kg7 69. Qd4+ Kg6 70. Rxe7 Qxe7 71. Qxa4 Qe6+ 72.
Qg4 Qa6 73. Qe4+ Kf7 74. a4 Qf1+ 75. Qg2 g4+ 76. Kh2 Qxg2+ 77. Kxg2 Ke7 78. Kf2
Kd6 79. Ke3 Kc5 80. Kf4 h5 81. Kg5 Kb4 82. Kxh5 Kxa4 83. Kxg4 Kb5 84. Kf5 Kc6
85. Kf6 Kd7 86. Kf7 1-0

[Event "Open Est 2015-2016"]
[Site "Aubagne"]
[Date "2016.03.05"]
[Round "7.14"]
[White "Benezra, Ruthy"]
[Black "Foresti, Stephane"]
[Result "1-0"]
[WhiteElo "1428"]
[BlackElo "1284"]
[PlyCount "35"]
[EventDate "2015.10.10"]
[WhiteTeam "L'Echiquier du Roy René"]
[BlackTeam "Sanary Echecs"]

1. e4 c5 2. Nc3 a6 3. f4 Nc6 4. Nf3 d6 5. Bc4 Bg4 6. Bxf7+ Kxf7 7. Ng5+ Ke8 8.
Qxg4 Nd4 9. Qd1 e5 10. d3 Be7 11. Nf3 Nf6 12. O-O Rf8 13. fxe5 Nxf3+ 14. Rxf3
dxe5 15. Bg5 Ng4 16. Rxf8+ Kxf8 17. Bxe7+ Qxe7 18. Qxg4 1-0

[Event "Open Est 2015-2016"]
[Site "Aubagne"]
[Date "2016.03.05"]
[Round "7.15"]
[White "Borrini, Rodrigue"]
[Black "Konate, Salma"]
[Result "0-1"]
[WhiteElo "1181"]
[BlackElo "1471"]
[PlyCount "70"]
[EventDate "2015.10.10"]
[WhiteTeam "L'Echiquier du Roy René"]
[BlackTeam "Marseille Passion Echecs"]

1. d4 d5 2. Nf3 Nf6 3. e3 Nbd7 4. Bd3 c5 5. c3 c4 6. Bc2 Qc7 7. Nbd2 e5 8. e4
Bd6 9. h3 b5 10. O-O Bb7 11. Re1 O-O 12. a4 a6 13. exd5 Bxd5 14. Ne4 Nxe4 15.
Bxe4 Bxe4 16. Rxe4 f5 17. Re1 e4 18. Nd2 Qc6 19. Nf1 Rae8 20. Bg5 f4 21. f3 Qd5
22. Bh4 Qh5 23. g3 fxg3 24. Bxg3 Bxg3 25. Nxg3 Qxh3 26. Nf1 exf3 27. Qc2 f2+
28. Qxf2 Rxf2 29. Rxe8+ Rf8 30. Rxf8+ Kxf8 31. Nh2 Qe3+ 32. Kh1 bxa4 33. Rxa4
Qc1+ 34. Kg2 Qc2+ 35. Kg3 Qxa4 0-1

[Event "Open Est 2015-2016"]
[Site "Aubagne"]
[Date "2016.03.05"]
[Round "7.16"]
[White "Periale, Albert"]
[Black "Roth, Fabio"]
[Result "0-1"]
[WhiteElo "1275"]
[BlackElo "1451"]
[PlyCount "85"]
[EventDate "2015.10.10"]
[WhiteTeam "Cercle d'Echecs Aubagnais"]
[BlackTeam "Club Provence Echecs"]

1. d4 d5 2. Bf4 Nf6 3. c3 Bf5 4. Nf3 e6 5. e3 Bd6 6. Bg5 Nbd7 7. Bd3 Bxd3 8.
Qxd3 e5 9. dxe5 Bxe5 10. Nxe5 Nxe5 11. Qd4 Nc6 12. Qd1 h6 13. Bh4 Qd7 14. Bxf6
gxf6 15. Qf3 f5 16. Na3 O-O-O 17. Rd1 Rhe8 18. O-O Ne5 19. Qe2 a6 20. c4 Qc6
21. cxd5 Rxd5 22. Rxd5 Qxd5 23. b3 Rg8 24. f3 f4 25. Rd1 Qxf3 26. Qxf3 Nxf3+
27. Kh1 Nh4 28. Rd2 fxe3 29. Re2 f5 30. g3 f4 31. gxf4 Nf3 32. Rg2 Rxg2 33.
Kxg2 e2 34. Nc2 e1=Q 35. Nxe1 Nxe1+ 36. Kg3 Kd7 37. h4 Ke6 38. Kg4 Nd3 39. Kh5
Kf5 40. Kxh6 Nxf4 41. h5 b5 42. b4 Nxh5 43. Kxh5 0-1

[Event "Open Est 2015-2016"]
[Site "Aubagne"]
[Date "2016.03.05"]
[Round "7.17"]
[White "Turpin, Isabelle"]
[Black "Benezra, David"]
[Result "0-1"]
[WhiteElo "1260"]
[BlackElo "1395"]
[PlyCount "56"]
[EventDate "2015.10.10"]
[WhiteTeam "Cercle d'Echecs Aubagnais"]
[BlackTeam "L'Echiquier du Roy René"]

1. c4 Nf6 2. Nc3 g6 3. e3 Bg7 4. d4 d6 5. b3 O-O 6. Bb2 e5 7. Nge2 Nc6 8. g3
exd4 9. exd4 Bg4 10. Bg2 Re8 11. f3 Bf5 12. g4 Bd7 13. g5 Nh5 14. Qd2 Qxg5 15.
O-O Bh3 16. Rf2 Nxd4 17. Qd3 Nxe2+ 18. Rxe2 Nf4 19. Ne4 Nxd3 20. Nxg5 Rxe2 21.
Bxg7 Rxg2+ 22. Kf1 Rxg5+ 23. Ke2 Kxg7 24. Kxd3 Re8 25. Rc1 Rge5 26. Rc3 Bf5+
27. Kd2 Re2+ 28. Kc1 Rxh2 0-1

[Event "Open Est 2015-2016"]
[Site "Aubagne"]
[Date "2016.03.05"]
[Round "7.18"]
[White "Ulloa, Philippe"]
[Black "Denis, Karine"]
[Result "1-0"]
[WhiteElo "1331"]
[BlackElo "1351"]
[PlyCount "87"]
[EventDate "2015.10.10"]
[WhiteTeam "Le Gambit Marseillais"]
[BlackTeam "Marseille Passion Echecs"]

1. d4 d5 2. c4 Nf6 3. Nc3 Nc6 4. h3 Bf5 5. Nf3 e6 6. Nh4 Bg6 7. Nxg6 hxg6 8.
Bg5 Qe7 9. a3 O-O-O 10. cxd5 exd5 11. e3 Qe6 12. Be2 Be7 13. Bxf6 gxf6 14. Qa4
a6 15. O-O-O f5 16. Kb1 Bh4 17. g3 Bg5 18. Rde1 Rd6 19. b4 Na7 20. Ka1 Qd7 21.
Qb3 c6 22. Na4 Bd8 23. Nc5 Qc7 24. Rc1 b6 25. Nxa6 Qb7 26. b5 Kd7 27. bxc6+
Rxc6 28. Bb5 Kd6 29. Qb4+ Ke6 30. Bxc6 Qxa6 31. Qb3 Be7 32. Bxd5+ Kf6 33. Rc4
Qxa3+ 34. Qxa3 Bxa3 35. Ra4 Nb5 36. Bc6 Bb2+ 37. Kxb2 Nxd4 38. Rxd4 Rc8 39. Rc1
Rh8 40. h4 g5 41. Rd6+ Kg7 42. hxg5 Rh2 43. Rc2 Rg2 44. g4 1-0

[Event "Open Est 2015-2016"]
[Site "Aubagne"]
[Date "2016.03.05"]
[Round "7.19"]
[White "Rieu, Jean"]
[Black "Mineo, Francois"]
[Result "0-1"]
[WhiteElo "1251"]
[BlackElo "1346"]
[PlyCount "92"]
[EventDate "2015.10.10"]
[WhiteTeam "U.S.C.M."]
[BlackTeam "Cassis Echecs"]

1. Nf3 d5 2. d4 Nf6 3. Bg5 e6 4. e3 a6 5. Bd3 Be7 6. O-O Nc6 7. Bxf6 gxf6 8.
Nc3 Rg8 9. Re1 e5 10. h3 e4 11. Nh4 exd3 12. Qxd3 h5 13. Nf5 Qd7 14. e4 dxe4
15. Qxe4 Qxf5 16. Qxf5 Bxf5 17. Nd5 Kd8 18. Re3 Be6 19. Nf4 Nxd4 20. Rd1 Kc8
21. Rxd4 Bc5 22. Nxe6 fxe6 23. Rdd3 Bxe3 24. Rxe3 e5 25. Kf1 b6 26. c4 Kb7 27.
b4 Rad8 28. c5 Rd4 29. a3 Rgd8 30. c6+ Kxc6 31. Rc3+ Kb7 32. g3 e4 33. h4 Rd3
34. Rc4 e3 35. fxe3 Rxe3 36. a4 Rxg3 37. b5 axb5 38. axb5 Rg4 39. Rc6 Rd6 40.
Rc1 Rxh4 41. Kg2 Rg4+ 42. Kh3 Rd3+ 43. Kh2 h4 44. Rb1 h3 45. Rc1 Rg2+ 46. Kh1
Rgd2 0-1

[Event "Open Est 2015-2016"]
[Site "Aubagne"]
[Date "2016.03.05"]
[Round "7.20"]
[White "Bui, Christopher"]
[Black "Pentcheff, Laura"]
[Result "1-0"]
[WhiteElo "1275"]
[BlackElo "1190"]
[PlyCount "125"]
[EventDate "2015.10.10"]
[WhiteTeam "Cercle d'Echecs Aubagnais"]
[BlackTeam "Cassis Echecs"]

1. c4 b6 2. Nf3 Bb7 3. g3 e6 4. Nc3 Nf6 5. Bg2 Be7 6. O-O O-O 7. d3 Bd6 8. Bd2
Kh8 9. e4 Ng8 10. e5 Be7 11. Qc1 h6 12. d4 d5 13. cxd5 exd5 14. Ne2 Na6 15. Bc3
c5 16. dxc5 Nxc5 17. Nd2 Qc7 18. f4 Rad8 19. Nb3 Qb8 20. Nxc5 Bxc5+ 21. Kh1 d4
22. Bd2 Bxg2+ 23. Kxg2 Qb7+ 24. Kh3 Qd7+ 25. Kg2 Qd5+ 26. Rf3 Rfe8 27. Qf1 f6
28. exf6 gxf6 29. a4 d3 30. Nc3 Qb3 31. Rxd3 Qxb2 32. Ra2 Qb4 33. Nd5 Qe4+ 34.
Qf3 Qxf3+ 35. Kxf3 Bd6 36. Bb4 Bxb4 37. Nxb4 a5 38. Rxd8 Rxd8 39. Nc6 Rd3+ 40.
Ke4 Rc3 41. Nb8 Rc4+ 42. Kd5 Rc5+ 43. Kd6 f5 44. Nd7 Rc3 45. Nxb6 Nf6 46. Ke5
Ng4+ 47. Kxf5 Ne3+ 48. Ke4 Ng4 49. h3 Nf6+ 50. Kf5 Rxg3 51. Kxf6 Rxh3 52. Nc4
Rh4 53. Nxa5 Rxf4+ 54. Kg6 Rh4 55. Re2 Rg4+ 56. Kxh6 Rg8 57. Nc6 Rf8 58. Re6
Rg8 59. Ne7 Rf8 60. Ng6+ Kg8 61. Nxf8 Kxf8 62. Kg6 Kg8 63. Re8# 1-0

[Event "Open Est 2015-2016"]
[Site "Aubagne"]
[Date "2016.03.05"]
[Round "7.21"]
[White "Yahia Amar, Clement"]
[Black "Pietrac, Christian"]
[Result "1-0"]
[WhiteElo "1241"]
[BlackElo "1200"]
[PlyCount "87"]
[EventDate "2015.10.10"]
[WhiteTeam "L'Echiquier du Roy René"]
[BlackTeam "Club d'Echecs de Miramas"]

1. e4 d6 2. Nf3 Nf6 3. Nc3 Nbd7 4. d4 c6 5. Bc4 Nb6 6. Bb3 g6 7. Bg5 Bg7 8. h3
O-O 9. O-O Be6 10. Qd2 Bxb3 11. axb3 c5 12. dxc5 dxc5 13. Qxd8 Rfxd8 14. Rfd1
Nbd7 15. e5 h6 16. exf6 exf6 17. Be3 a6 18. Rd2 b5 19. Rad1 Ra7 20. Bxc5 Rb7
21. Be7 Rc8 22. Rxd7 Rxd7 23. Rxd7 Kh7 24. Rd6 Rc7 25. Bxf6 b4 26. Na4 Rxc2 27.
Bxg7 Kxg7 28. Rxa6 Rc1+ 29. Kh2 Rf1 30. Kg3 Rd1 31. Rb6 Rd3 32. Rxb4 h5 33. Rb7
Rd5 34. b4 Rf5 35. b5 g5 36. b6 Rb5 37. Rc7 h4+ 38. Kh2 Ra5 39. b7 Rxa4 40.
b8=Q Rf4 41. Nxg5 Rxf2 42. Rxf7+ Rxf7 43. Nxf7 Kxf7 44. b4 1-0

[Event "Open Est 2015-2016"]
[Site "Aubagne"]
[Date "2015.09.26"]
[Round "7.22"]
[White "De Carvalho Massabo, Raphael"]
[Black "Yahia Amar, Pierre"]
[Result "1-0"]
[WhiteElo "1220"]
[BlackElo "1060"]
[PlyCount "51"]
[EventDate "2015.10.10"]
[WhiteTeam "Marseille Passion Echecs"]
[BlackTeam "L'Echiquier du Roy René"]

1. e4 e5 2. Nf3 Nc6 3. Bc4 Nf6 4. d3 Bc5 5. Nbd2 d6 6. Nf1 Bg4 7. h3 Bh5 8. Ng3
Bxf3 9. Qxf3 Nd4 10. Qd1 O-O 11. c3 Nc6 12. O-O a6 13. Kh1 d5 14. exd5 Nxd5 15.
Bxd5 Qxd5 16. c4 Qd6 17. Nf5 Qd7 18. Qg4 g6 19. Nh6+ Kh8 20. Qxd7 Kg7 21. Qxc7
Rab8 22. Ng4 Rfd8 23. Bh6+ Kh8 24. Qxf7 Rg8 25. Nf6 Nd8 26. Qxh7# 1-0

[Event "Open Est 2015-2016"]
[Site "Aubagne"]
[Date "2016.03.05"]
[Round "7.23"]
[White "Shah, Darshan"]
[Black "Ralijaona, Gabriela"]
[Result "0-1"]
[WhiteElo "1399"]
[BlackElo "1330"]
[PlyCount "72"]
[EventDate "2015.10.10"]
[WhiteTeam "L'Echiquier du Roy René"]
[BlackTeam "Marseille Passion Echecs"]

1. e4 e5 2. Nf3 Nc6 3. d4 exd4 4. Nxd4 Qh4 5. Nxc6 Qxe4+ 6. Qe2 Qxe2+ 7. Bxe2
bxc6 8. Nc3 Nf6 9. Be3 Be7 10. O-O O-O 11. Bd3 d5 12. Rfe1 Bd6 13. h3 h6 14.
Re2 c5 15. Nb5 c4 16. Bd4 cxd3 17. cxd3 Nd7 18. Rc1 Ba6 19. Nxc7 Rac8 20. Rec2
Bxd3 21. Rc6 Bxc7 22. Rxc7 Rxc7 23. Rxc7 Nf6 24. Bxf6 gxf6 25. Rd7 Bb1 26. a3
Ba2 27. Kf1 a6 28. Rd6 a5 29. Rxf6 Kg7 30. Rd6 Re8 31. f3 Bc4+ 32. Kf2 Re2+ 33.
Kg3 Rxb2 34. Kf4 Rxg2 35. h4 Ra2 36. Kf5 Rxa3 0-1

[Event "Open Est 2015-2016"]
[Site "Aubagne"]
[Date "2016.03.05"]
[Round "7.24"]
[White "Frontera, Pierre"]
[Black "Richert, Sebastien"]
[Result "0-1"]
[WhiteElo "1254"]
[BlackElo "1399"]
[PlyCount "116"]
[EventDate "2015.10.10"]
[WhiteTeam "Cercle d'Echecs Aubagnais"]
[BlackTeam "Cercle d'Echecs Aubagnais"]

1. e4 e5 2. Nf3 Nc6 3. Bc4 Nf6 4. Nc3 h6 5. O-O Bb4 6. a3 Bxc3 7. bxc3 Nxe4 8.
Bb2 d5 9. Ba2 Bg4 10. d3 Bxf3 11. Qxf3 Nd2 12. Qxd5 Qxd5 13. Bxd5 Nxf1 14. Rxf1
O-O 15. f4 exf4 16. Rxf4 Rae8 17. h3 Re1+ 18. Kh2 Rb1 19. Bxc6 bxc6 20. Rb4 Re8
21. c4 Re2 22. Bd4 Rxb4 23. axb4 Rxc2 24. Bxa7 Rb2 25. Bc5 Rb3 26. d4 Rc3 27.
h4 Rxc4 28. Kg3 h5 29. Kf4 f6 30. Kf5 Kf7 31. Ke4 Ke6 32. Kd3 Rc1 33. Ke2 Kf5
34. Kf3 Rc3+ 35. Kf2 Kg4 36. Bf8 g6 37. Bg7 Rc2+ 38. Ke3 f5 39. Bh6 Rc4 40. Bf4
Rxb4 41. Bxc7 Kxh4 42. Be5 Kg4 43. Kf2 h4 44. Kg1 f4 45. Kh2 f3 46. gxf3+ Kxf3
47. Kh3 Ke4 48. Kxh4 Rxd4 49. Bxd4 Kxd4 50. Kg5 c5 51. Kxg6 c4 52. Kf5 c3 53.
Kf4 c2 54. Kf3 c1=Q 55. Ke2 Qe3+ 56. Kd1 Qf2 57. Kc1 Kc3 58. Kb1 Qb2# 0-1

[Event "Open Est 2015-2016"]
[Site "Aubagne"]
[Date "2016.03.05"]
[Round "7.25"]
[White "Roux, Jean-Marie"]
[Black "Herbulot, Thomas"]
[Result "1/2-1/2"]
[WhiteElo "1317"]
[BlackElo "1170"]
[PlyCount "139"]
[EventDate "2015.10.10"]
[WhiteTeam "L'Echiquier du Roy René"]
[BlackTeam "Club Provence Echecs"]

1. e4 e5 2. Nf3 Nf6 3. Nc3 Nc6 4. Bc4 Bc5 5. h3 d6 6. d3 Nd4 7. Bg5 h6 8. Be3
O-O 9. Qd2 Nxf3+ 10. gxf3 Bxe3 11. Qxe3 Be6 12. Bxe6 fxe6 13. O-O-O Qe7 14. Kb1
c5 15. Rdg1 d5 16. Qxh6 Rf7 17. Rg3 Kf8 18. Qh8+ Ng8 19. h4 Qf6 20. Rhg1 Qh6
21. Qxh6 Nxh6 22. exd5 exd5 23. Nxd5 Nf5 24. Rg4 Nd4 25. Nc7 Rxc7 26. f4 exf4
27. c3 Ne2 28. Re1 Re8 29. Ka1 Rce7 30. a4 Rd7 31. Rg5 Rxd3 32. Rf5+ Kg8 33.
Rxc5 Rf3 34. h5 Rxf2 35. h6 gxh6 36. Rh1 Rg2 37. Rxh6 Rg1+ 38. Ka2 f3 39. Rf6
Rf8 40. Rxf8+ Kxf8 41. Rf5+ Kg8 42. Rxf3 Rg3 43. Rf5 Rg6 44. Re5 Nc1+ 45. Ka3
Nd3 46. Re8+ Kf7 47. Rb8 Rb6 48. b4 Ne5 49. a5 Rb5 50. Ka4 a6 51. Rh8 Ke6 52.
Rh6+ Kd5 53. Rh4 Nc4 54. Rh5+ Kc6 55. Rh6+ Nd6 56. c4 Rf5 57. c5 Rd5 58. cxd6
Rxd6 59. Rxd6+ Kxd6 60. b5 Kc5 61. bxa6 bxa6 62. Ka3 Kb5 63. Ka2 Ka4 64. Ka1
Kxa5 65. Ka2 Ka4 66. Ka1 Ka3 67. Kb1 a5 68. Ka1 a4 69. Kb1 Kb3 70. Ka1 1/2-1/2

[Event "Open Est 2015-2016"]
[Site "Aubagne"]
[Date "2016.03.05"]
[Round "7.26"]
[White "Shah, Marmik"]
[Black "Masson, Wally"]
[Result "1-0"]
[WhiteElo "1247"]
[BlackElo "1190"]
[PlyCount "93"]
[EventDate "2015.10.10"]
[WhiteTeam "L'Echiquier du Roy René"]
[BlackTeam "Cercle d'Echecs Aubagnais"]

1. e4 e5 2. Nf3 Nc6 3. d4 d6 4. dxe5 Bg4 5. exd6 Bxd6 6. Be2 Nge7 7. Nc3 Qd7 8.
Be3 f5 9. exf5 Qxf5 10. h3 Bxf3 11. Bxf3 O-O 12. Qd2 Bb4 13. O-O Qg6 14. a3
Bxc3 15. Bd5+ Nxd5 16. Qxd5+ Kh8 17. bxc3 Qxc2 18. Qd2 Qxd2 19. Bxd2 Ne7 20.
Rfe1 Nf5 21. Re5 c6 22. Rb1 b5 23. Rc5 Rac8 24. c4 a6 25. Bb4 Rfe8 26. Rxf5 g6
27. Bc3+ Kg8 28. Rf4 Rcd8 29. cxb5 axb5 30. Rd4 Ra8 31. Ra1 h5 32. Rd6 Rec8 33.
Rxg6+ Kf7 34. Rg7+ Ke6 35. Rg5 h4 36. Re1+ Kf7 37. Bb4 Ra7 38. Rge5 Rcc7 39.
Bd6 Rd7 40. Bb4 Rac7 41. f4 Kf6 42. f5 Rg7 43. Re6+ Kxf5 44. R1e5+ Kf4 45. Bd2+
Kg3 46. Re3+ Kf4 47. Rf3# 1-0

[Event "Open Est 2015-2016"]
[Site "Aubagne"]
[Date "2016.03.05"]
[Round "7.27"]
[White "Catanese, Sauveur"]
[Black "Yahia Amar, Mathieu"]
[Result "0-1"]
[WhiteElo "1130"]
[BlackElo "1161"]
[PlyCount "62"]
[EventDate "2015.10.10"]
[WhiteTeam "Cercle d'Echecs Aubagnais"]
[BlackTeam "L'Echiquier du Roy René"]

1. d4 d5 2. c4 e6 3. Nc3 Bb4 4. a3 Bxc3+ 5. bxc3 Nf6 6. Nf3 Nc6 7. g3 O-O 8.
cxd5 Nxd5 9. Qc2 b6 10. Bg2 Bb7 11. O-O Re8 12. e4 Nf6 13. Bg5 h6 14. Bf4 Ne7
15. Nd2 Ng6 16. Be3 Ng4 17. Nc4 Ba6 18. Qe2 Bxc4 19. Qxc4 Nxe3 20. fxe3 Qg5 21.
Rae1 c5 22. e5 Rac8 23. Qa6 cxd4 24. exd4 Rxc3 25. Qxa7 Re7 26. Qxb6 Rxa3 27.
Qc5 Re3 28. Qc1 Rxe1 29. Qxg5 Rxf1+ 30. Bxf1 hxg5 31. Kg2 Rd7 0-1

[Event "Open Est 2015-2016"]
[Site "Aubagne"]
[Date "2016.03.05"]
[Round "7.29"]
[White "Boudet, Nicole"]
[Black "Belaid, Noa"]
[Result "0-1"]
[WhiteElo "1321"]
[BlackElo "1109"]
[PlyCount "106"]
[EventDate "2015.10.10"]
[WhiteTeam "Cercle d'Echecs Aubagnais"]
[BlackTeam "Club Provence Echecs"]

1. e4 e5 2. Nf3 Nc6 3. d4 exd4 4. Nxd4 Nf6 5. Nc3 Bb4 6. Nxc6 bxc6 7. Bd3 Bxc3+
8. bxc3 O-O 9. O-O Qe8 10. Qf3 d6 11. Bb2 Rb8 12. Rab1 Qe5 13. h3 d5 14. exd5
Nxd5 15. Rfe1 Bf5 16. Qxf5 Qxf5 17. Bxf5 g6 18. Be4 Rfe8 19. Bf3 Rxe1+ 20. Rxe1
Rxb2 21. Re8+ Kg7 22. Bxd5 cxd5 23. Rc8 Rxc2 24. Rxc7 Rxa2 25. Kf1 Rc2 26. Ke1
Ra2 27. Rc5 Ra1+ 28. Ke2 Rg1 29. g4 Rh1 30. Rxd5 Rxh3 31. f3 h5 32. g5 Rh1 33.
Ra5 Rc1 34. Kd2 Rb1 35. Rxa7 Rb5 36. f4 Rf5 37. Ke3 h4 38. Ra1 f6 39. Ra7+ Kg8
40. Ra6 Kg7 41. Ra7+ Kg8 42. Ra6 Kg7 43. c4 fxg5 44. Ra7+ Kg8 45. fxg5 Rxg5 46.
Kf4 Rg1 47. c5 h3 48. c6 h2 49. c7 Rc1 50. Ra8+ Kf7 51. c8=Q Rxc8 52. Rxc8 h1=Q
53. Ke3 Qh3+ 0-1

[Event "Open Est 2015-2016"]
[Site "Aubagne"]
[Date "2016.03.05"]
[Round "7.30"]
[White "Garbe, Georges"]
[Black "Salvi, Angele"]
[Result "1-0"]
[WhiteElo "1264"]
[BlackElo "1123"]
[PlyCount "65"]
[EventDate "2015.10.10"]
[WhiteTeam "Cercle d'Echecs Aubagnais"]
[BlackTeam "Cercle d'Echecs Aubagnais"]

1. c4 e6 2. Nc3 Nf6 3. d3 Nc6 4. Nf3 Bb4 5. g3 O-O 6. Bg2 d5 7. O-O dxc4 8.
dxc4 Bd7 9. a3 Bxc3 10. bxc3 Na5 11. Ne5 Rb8 12. Be3 b6 13. Rb1 Qe7 14. Qc1
Rfd8 15. Qb2 Be8 16. Qb4 Qxb4 17. cxb4 Nb7 18. Nc6 Bxc6 19. Bxc6 Nd6 20. Rbc1
Ng4 21. Bf4 e5 22. Be3 Nxe3 23. fxe3 f6 24. Bd5+ Kh8 25. Rf2 Rf8 26. Rcf1 h6
27. g4 Rbe8 28. h4 Kh7 29. g5 hxg5 30. hxg5 Kg6 31. gxf6 gxf6 32. Rg2+ Kh6 33.
Rf3 1-0

[Event "Open Est 2015-2016"]
[Site "Aubagne"]
[Date "2016.03.05"]
[Round "7.31"]
[White "Maumi, Helio"]
[Black "Yahia-Amar, Hocine"]
[Result "1-0"]
[WhiteElo "1240"]
[BlackElo "1090"]
[PlyCount "31"]
[EventDate "2015.10.10"]
[WhiteTeam "Marseille Passion Echecs"]
[BlackTeam "L'Echiquier du Roy René"]

1. e4 e5 2. Nf3 Nc6 3. Bc4 Nf6 4. Nc3 d6 5. h3 Be6 6. d3 a6 7. Bg5 Be7 8. O-O
Bxc4 9. dxc4 O-O 10. Qd2 Nh5 11. Nd5 h6 12. Bxh6 gxh6 13. Qxh6 Ng7 14. Nxe7+
Qxe7 15. Ng5 f6 16. Qh7# 1-0